000 00420nam a2200181Ia 4500
001 13491
005 20260306164805.0
008 260306t2015||||xx |||||||||||||| ||spa||
041 _aESP
082 _a004.36
_bL69
100 _aLizcano Casas, David
_eAUT
245 0 _aSistemas distribuidos
260 _c2015
300 _a358 páginas :
_c24 cm.
650 _aGEN
654 _aCCC
942 _cLIB
_dJUS
_fJUS
_2ddc
_n
999 _c13491
_d13491